India China relations : (Record no. 593395)

000 -LEADER
fixed length control field 01776cam a22003974a 4500
001 - CONTROL NUMBER
control field 15754570
005 - DATE AND TIME OF LATEST TRANSACTION
control field 20230221133020.0
008 - FIXED-LENGTH DATA ELEMENTS--GENERAL INFORMATION
fixed length control field 090423s2009 ii abf b 001 0 eng d
010 ## - LIBRARY OF CONGRESS CONTROL NUMBER
LC control number 2009311676
020 ## - INTERNATIONAL STANDARD BOOK NUMBER
International Standard Book Number 9788130911953
020 ## - INTERNATIONAL STANDARD BOOK NUMBER
International Standard Book Number 8130911957
025 ## - OVERSEAS ACQUISITION NUMBER
Overseas acquisition number I-E-2009-311676; 63-91; 63-05
035 ## - SYSTEM CONTROL NUMBER
System control number (OCoLC)ocn319683260
035 ## - SYSTEM CONTROL NUMBER
System control number (OCoLC)319683260
037 ## - SOURCE OF ACQUISITION
Stock number Library of Congress -- New Delhi Overseas Office
Terms of availability Rs795.00
040 ## - CATALOGING SOURCE
Original cataloging agency DKAGE
Language of cataloging eng
Transcribing agency DKAGE
Modifying agency DLC
042 ## - AUTHENTICATION CODE
Authentication code lccopycat
-- lcode
043 ## - GEOGRAPHIC AREA CODE
Geographic area code a-ii---
-- a-cc---
050 00 - LIBRARY OF CONGRESS CALL NUMBER
Classification number DS450.C5
Item number G84 2009
082 00 - DEWEY DECIMAL CLASSIFICATION NUMBER
Classification number 327.54051, GUR
Edition number 22
100 1# - MAIN ENTRY--PERSONAL NAME
Personal name Guruswamy, Mohan.
9 (RLIN) 109345
245 10 - TITLE STATEMENT
Title India China relations :
Remainder of title the border issue and beyond /
Statement of responsibility, etc. Mohan Guruswamy, Zorawar Daulet Singh.
260 ## - PUBLICATION, DISTRIBUTION, ETC.
Place of publication, distribution, etc. New Delhi :
Name of publisher, distributor, etc. Viva Books, in association with Observer Research Foundation,
Date of publication, distribution, etc. 2009.
300 ## - PHYSICAL DESCRIPTION
Extent viii, 217 p., [3] leaves of plates :
Other physical details ill., 9 maps ;
Dimensions 24 cm.
504 ## - BIBLIOGRAPHY, ETC. NOTE
Bibliography, etc. note Introduction (Page-1), The Legacy of the Great Game (Page-8), India, Tibet and China (Page-38), India Inherits the Frontiers: 1947-1954 (Page-52), The Debacle of 1962 (Page-63), Road to Rapprochement: Diplomacy since the 1970s (Page-92), The Way Forward: 'Mutual accommodation and accommodation of reality' (Page-115).
651 #0 - SUBJECT ADDED ENTRY--GEOGRAPHIC NAME
Geographic name India
General subdivision Boundaries
Geographic subdivision China.
9 (RLIN) 1662
651 #0 - SUBJECT ADDED ENTRY--GEOGRAPHIC NAME
Geographic name China
General subdivision Boundaries
Geographic subdivision India.
9 (RLIN) 1663
651 #0 - SUBJECT ADDED ENTRY--GEOGRAPHIC NAME
Geographic name India
General subdivision Foreign relations
Geographic subdivision China.
9 (RLIN) 1664
651 #0 - SUBJECT ADDED ENTRY--GEOGRAPHIC NAME
Geographic name China
General subdivision Foreign relations
Geographic subdivision India.
9 (RLIN) 1665
651 #0 - SUBJECT ADDED ENTRY--GEOGRAPHIC NAME
Geographic name Tibet Autonomous Region (China)
General subdivision History.
9 (RLIN) 109346
700 1# - ADDED ENTRY--PERSONAL NAME
Personal name Singh, Zorawar Daulet.
9 (RLIN) 109347
710 2# - ADDED ENTRY--CORPORATE NAME
Corporate name or jurisdiction name as entry element Observer Research Foundation.
9 (RLIN) 109348
906 ## - LOCAL DATA ELEMENT F, LDF (RLIN)
a 7
b cbc
c copycat
d 3
e ncip
f 20
g y-gencatlg
942 ## - ADDED ENTRY ELEMENTS (KOHA)
Source of classification or shelving scheme
Koha item type Book
Holdings
Withdrawn status Lost status Source of classification or shelving scheme Damaged status Not for loan Permanent Location Current Location Shelving location Date acquired Total Checkouts Full call number Barcode Date last seen Price effective from Koha item type Public note
          Military College of Signals (MCS) Military College of Signals (MCS) General Stacks 02/21/2023   327.54051, GUR MCS37604 02/21/2023 02/21/2023 Book Almirah No.50, Shelf No.1
© 2023 Central Library, National University of Sciences and Technology. All Rights Reserved.